000 00329nam a2200133Ia 4500
008 191201s2011 xx 000 0 und d
082 _a510
_bISI
100 _aISHAN'S
245 0 _aSolution to engineering mathematics
260 _aN. delhi
_bIshan Publications
_c2011
300 _a374
650 _aApplied
942 _2ddc
_cBK
_01
999 _c5176
_d5176